Central Library and Information Centre
Sibsagar Girls' College, Sivasagar : Assam

SIKHYA PRASASHAN : SAIKHIK SAMASYAYE O SAIKHIK NABASHAR (Record no. 17596)

MARC details
000 -LEADER
fixed length control field 00452cam a2200181ua 4500
008 - FIXED-LENGTH DATA ELEMENTS--GENERAL INFORMATION
fixed length control field 060101n II |||gr||||Z||||||hin
040 ## - CATALOGING SOURCE
Original cataloging agency MAIN
041 ## - LANGUAGE CODE
-- English
082 ## - DEWEY DECIMAL CLASSIFICATION NUMBER
Classification number 891.43 GUP
100 ## - MAIN ENTRY--PERSONAL NAME
Personal name GUPTA, R.S.
245 ## - TITLE STATEMENT
Title SIKHYA PRASASHAN : SAIKHIK SAMASYAYE O SAIKHIK NABASHAR
250 ## - EDITION STATEMENT
Edition statement 2004.
260 ## - PUBLICATION, DISTRIBUTION, ETC.
Place of publication, distribution, etc. JAIPUR:
Name of publisher, distributor, etc. SHIV BOOK DEPOT.,
Date of publication, distribution, etc. 2004.
300 ## - PHYSICAL DESCRIPTION
Extent 140:
Dimensions 20CM.
700 ## - ADDED ENTRY--PERSONAL NAME
Personal name SIDANA, DR.ASHOK KR.
942 ## - ADDED ENTRY ELEMENTS (KOHA)
Koha item type Books
Holdings
Withdrawn status Lost status Damaged status Not for loan Collection code Home library Current library Shelving location Date acquired Full call number Barcode Date last seen Copy number Price effective from Koha item type
        TBEDU Central Library and Information Centre Sibsagar Girls College Central Library and Information Centre Sibsagar Girls College Hindi Books 08.09.2011 891.43 GUP 26910 27.02.2020 1 27.02.2020 Books


Sibsagar Girl's College © 2020. All rights reserved.
Powered by Koha.
Maintained by Abhijit Borpuzari.